000 00480nam a2200181Ia 4500
005 20250508161811.0
008 008 250505s9999 xx 000 0 hin d
037 _aTextual
040 _aFEDL
_beng
_cFEDL
041 _ahin
_2eng
084 _a915.81, DEL
_qFEDL
245 0 _aAfganistan
245 0 _cDelhi Library Board
260 _aDelhi, India
_bAttar Chand Kapoor and Sons
300 _a33p.
942 _cTEXL
_h915.81, DEL
999 _c1372279
_d1372279